| 000 | 01157cam a22002775a 4500 | ||
|---|---|---|---|
| 001 | 17231385 | ||
| 005 | 20160907153833.0 | ||
| 008 | 120329t2012 gw a frb 001 0 eng d | ||
| 020 | _a9783642242908 | ||
| 040 |
_aBTCTA _beng _cBTCTA _dUKMGB _dBWX _dYDXCP _dIXA _dCDX _dIEDUB _dTXI _dBET _dDLC _dEG-ScBUE |
||
| 082 | 0 | 4 |
_a005.1 _222 _bSOF |
| 245 | 0 | 0 |
_aSoftware process definition and management / _cJurgen Munch ... [et al.] |
| 260 |
_aHeidelberg : _bSpringer, _cc.2012. |
||
| 300 |
_axx, 235 p. : _bill. ; _c25 cm. |
||
| 490 | 0 | _aFraunhofer IESE series on software and systems engineering. | |
| 500 | _aIndex : p. 233-235. | ||
| 504 | _aIncludes bibliographical references. | ||
| 505 | 0 | _aPrescriptive process models -- Descriptive process models -- Process modeling notations and tools -- Process improvement -- Empirical studies -- Software process simulation. | |
| 650 | 7 |
_aComputer software _xDevelopment _xManagement. _2BUEsh _94806 |
|
| 650 | 7 |
_aSoftware engineering. _2BUEsh _93832 |
|
| 650 | 7 |
_aSoftware engineering _xManagement. _2BUEsh _911290 |
|
| 651 | _2BUEsh | ||
| 653 |
_bCOMSCI _cSeptember2016 |
||
| 700 | 1 |
_aMunch, Jurgen, _d1968- |
|
| 942 | _2ddc | ||
| 999 |
_c22333 _d22305 |
||